|
|
|
|
| LEADER |
00000nam a2200000 a 4500 |
| 001 |
UCK9015 |
| 003 |
CL-VaPUC |
| 008 |
060413e19970000BL |||||||||||||||||por|d |
| 020 |
|
|
|a 8573223049
|
| 082 |
0 |
4 |
|a 337.1
|b CHI
|2 21
|
| 100 |
0 |
|
|a Chiarelli, Carlos Alberto Gomes
|e author
|9 498758
|
| 245 |
1 |
0 |
|a Temas de integracao com enfoques no MERCOSUL
|
| 300 |
|
|
|a v
|
| 942 |
|
|
|c BK
|
| 945 |
|
|
|d 20060413 00:00:00
|a cmena
|
| 260 |
|
|
|a Sao Paulo
|b LTr
|c 1997
|
| 600 |
0 |
7 |
|a MERCOSUR
|2 CL-VaPUC
|9 330918
|
| 650 |
|
0 |
|a Integración económica
|9 255024
|
| 650 |
|
0 |
|a Cooperación internacional
|9 255447
|
| 650 |
|
0 |
|a Tratados internacionales
|9 256056
|
| 651 |
|
0 |
|a América Latina
|9 255027
|
| 583 |
|
|
|a last modification
|c 20060413 00:00:00
|k Rodrigo Vera
|
| 999 |
|
|
|c 316367
|d 316365
|
| 952 |
|
|
|0 0
|1 0
|4 0
|6 337_100000000000000_CHI_1997
|7 0
|8 A
|9 390680
|a BIBDER
|b BIBDER
|d 2019-11-22
|h v.1
|i 4184378
|o 337.1 CHI 1997
|p 4184378
|r 2023-01-25
|w 2019-11-22
|y BK
|k DER
|